Open access to the countryside (Record no. 117000)
[ view plain ]
| 000 -LEADER | |
|---|---|
| fixed length control field | 01122cam a2200217 4500 |
| 001 - CONTROL NUMBER | |
| control field | WB4005-08 |
| 008 - FIXED-LENGTH DATA ELEMENTS--GENERAL INFORMATION | |
| fixed length control field | 040204n2004 000 0 eng u |
| 035 ## - SYSTEM CONTROL NUMBER | |
| System control number | (Sirsi) u125029 |
| 245 ## - TITLE STATEMENT | |
| Title | Open access to the countryside |
| 260 ## - PUBLICATION, DISTRIBUTION, ETC. | |
| Date of publication, distribution, etc. | 2004 |
| 490 ## - SERIES STATEMENT | |
| Series statement | DEFRA Information Bulletin |
| Volume/sequential designation | (38/04) 3 February 2003, (2) |
| 490 ## - SERIES STATEMENT | |
| Series statement | DEFRA News Release |
| Volume/sequential designation | (26/04) 29 January 2004, (2) |
| 520 ## - SUMMARY, ETC. | |
| Summary, etc. | DEFRA has announced initiatives into making the countryside more accessible to the public. Guidance has been published on dedicating land voluntarily under the Countryside and Rights of Way Act 2000 and a three month consultation into whether regulations should be made to limit open access to land announced. Copies of the guidance are available from http://www.defra.gov.uk/wildlife-countryside/cl/ac cessopen.htm. The consultation paper is available from http://www.defra.gov.uk/corporate/consult/public-p laces/index.htm. |
| 590 ## - LOCAL NOTE (RLIN) | |
| Local note | WB |
| 590 ## - LOCAL NOTE (RLIN) | |
| Local note | WB |
| 650 ## - SUBJECT ADDED ENTRY--TOPICAL TERM | |
| Topical term or geographic name entry element | COUNTRYSIDE AND RIGHTS OF WAY ACT 2000 |
| 650 ## - SUBJECT ADDED ENTRY--TOPICAL TERM | |
| Topical term or geographic name entry element | PUBLIC ACCESS |
| 650 ## - SUBJECT ADDED ENTRY--TOPICAL TERM | |
| Topical term or geographic name entry element | RIGHT TO ROAM |
| 690 ## - LOCAL SUBJECT ADDED ENTRY--TOPICAL TERM (OCLC, RLIN) | |
| Topical term or geographic name as entry element | ENVIRONMENT-MANAGEMENT |
| 942 ## - ADDED ENTRY ELEMENTS (KOHA) | |
| Suppress in OPAC | 0 |
| Withdrawn status | Lost status | Source of classification or shelving scheme | Damaged status | Not for loan | Home library | Current library | Shelving location | Date acquired | Total Checkouts | Full call number | Barcode | Date last seen | Copy number | Price effective from | Koha item type |
|---|---|---|---|---|---|---|---|---|---|---|---|---|---|---|---|
| Dewey Decimal Classification | London | London | News article | 04/02/2004 | WB4005-08 | 125029-1001 | 06/08/2019 | 1 | 06/08/2019 | News article |